00475nam a2200121Ia 4500008004100000082001400041100006100055245007500116250001600191942001200207999001900219952011500238210430s9999 xx 000 0 und d a660M113 U aWarren L.Mccabe, Julian C. Smith, Peter Harriott9126968 aUnit operations of chemical Engineering 5th edition /cWarren L.Mccabe a5th edition cBK2ddc c563559d563559 001040708NFICaSCMEbSCMEcGENd0006-02-11l1o660M113 UpSCME-2704r2022-06-03s2022-04-08w2021-04-30yBK